[Event "FIN-chT2 Gp2 1819"]
[Site "Finland"]
[Date "2019.01.12"]
[Round "5.2"]
[White "Niemi, Jani Petteri"]
[Black "Pasanen, Tuomo Tapio"]
[Result "0-1"]
[WhiteElo "1963"]
[BlackElo "2048"]
[PlyCount "72"]
[EventDate "2018.09.15"]
[EventType "team-tourn"]
[EventRounds "6"]
[EventCountry "FIN"]
[SourceTitle "EXT 2020"]
[Source "ChessBase"]
[SourceDate "2019.10.17"]
[SourceVersion "1"]
[SourceVersionDate "2019.10.17"]
[SourceQuality "1"]
[WhiteTeam "Tampere Tammer IV"]
[BlackTeam "Helsinki HSK"]
[WhiteTeamCountry "FIN"]
[BlackTeamCountry "FIN"]

1. e4 e6 2. b3 d5 3. Bb2 dxe4 4. Qe2 Nf6 5. Nc3 Be7 6. Nxe4 0-0 7. Nf3 b6 8. Nxf6+ Bxf6 9. 0-0-0 Bxb2+ 10. Kxb2 Bb7 11. d4 a5 12. a4 Na6 13. Qe5 Nb4 14. Be2 Rc8 15. h4 Qe7 16. c3 Nd5 17. c4 Nf6 18. h5 c5 19. h6 g6 20. d5 Ne8 21. d6 Qd7 22. Ng5 Rc6 23. Bf3 Rxd6 24. Ne4 Bxe4 25. Qxe4 Qe7 26. Kc2 Qg5 27. Rxd6 Nxd6 28. Qc6 Nf5 29. Qxb6 Nd4+ 30. Kb2 Qd2+ 31. Ka1 Nc2+ 32. Kb1 Nb4 33. Be4 Rd8 34. Qxa5 Qa2+ 35. Kc1 Qa1+ 36. Bb1 Qc3+ 0-1

[Event "Tampere We TammerSh B"]
[Site "Tampere"]
[Date "2018.04.01"]
[Round "4"]
[White "Kangasniemi, Jussi"]
[Black "Niemi, Jani Petteri"]
[Result "0-1"]
[WhiteElo "1949"]
[BlackElo "1907"]
[PlyCount "72"]
[EventDate "2018.03.31"]
[EventType "swiss"]
[EventRounds "4"]
[EventCountry "FIN"]
[SourceTitle "EXT 2022"]
[Source "ChessBase"]
[SourceDate "2021.10.06"]
[SourceVersion "1"]
[SourceVersionDate "2021.10.06"]
[SourceQuality "1"]

1. Nf3 g6 2. d4 Bg7 3. c4 d6 4. Nc3 Bg4 5. e4 Nc6 6. Be3 e5 7. d5 Nd4 8. Bxd4 exd4 9. Nb5 Nf6 10. Qc2 0-0 11. h3 Bd7 12. 0-0-0 c6 13. Nxd6 cxd5 14. e5 Ne4 15. Nxe4 dxe4 16. Nxd4 Qa5 17. Nb3 Qc7 18. Qxe4 Bf5 19. Qe3 Bxe5 20. g3 Rac8 21. Nd4 Bd7 22. f4 Bg7 23. Kb1 b5 24. Rc1 bxc4 25. Bxc4 Qd6 26. Rhd1 Bxh3 27. Qg1 Bg4 28. Rd2 Rfd8 29. f5 Rb8 30. fxg6 Bxd4 31. Bxf7+ Kg7 32. Qh2 hxg6 33. Bb3 Rdc8 34. Qh4 Rxc1+ 35. Kxc1 Rc8+ 36. Kb1 Bf5+ 0-1

[Event "Tampere We TammerSh B"]
[Site "Tampere"]
[Date "2018.03.31"]
[Round "2"]
[White "Granat, Simo"]
[Black "Niemi, Jani Petteri"]
[Result "1-0"]
[WhiteElo "1990"]
[BlackElo "1920"]
[PlyCount "49"]
[EventDate "2018.03.31"]
[EventType "swiss"]
[EventRounds "4"]
[EventCountry "FIN"]
[SourceTitle "EXT 2022"]
[Source "ChessBase"]
[SourceDate "2021.10.06"]
[SourceVersion "1"]
[SourceVersionDate "2021.10.06"]
[SourceQuality "1"]

1. Nf3 g6 2. c4 Bg7 3. d4 d6 4. e4 e5 5. Nc3 exd4 6. Nxd4 Ne7 7. Be3 Nbc6 8. Be2 0-0 9. 0-0 f5 10. f3 fxe4 11. Nxe4 Nf5 12. Nxf5 gxf5 13. Nc3 Bxc3 14. bxc3 f4 15. Bf2 Qg5 16. Re1 Be6 17. Bd3 Rf6 18. Bd4 Rh6 19. Qc2 Kf7 20. Rab1 Rg8 21. Rxb7 Qh4 22. Rxc7+ Ne7 23. Kf1 Qxh2 24. Bf5 Bxc4+ 25. Rxc4 1-0

[Event "Tampere We TammerSh B"]
[Site "Tampere"]
[Date "2017.10.01"]
[Round "4"]
[White "Aalto, Patrik"]
[Black "Niemi, Jani Petteri"]
[Result "1/2-1/2"]
[WhiteElo "1867"]
[BlackElo "1963"]
[PlyCount "37"]
[EventDate "2017.09.30"]
[EventType "swiss"]
[EventRounds "4"]
[EventCountry "FIN"]
[SourceTitle "EXT 2022"]
[Source "ChessBase"]
[SourceDate "2021.10.06"]
[SourceVersion "1"]
[SourceVersionDate "2021.10.06"]
[SourceQuality "1"]

1. e4 e6 2. d4 d5 3. Nd2 g5 4. Ngf3 h6 5. Bd3 c5 6. dxc5 Bxc5 7. 0-0 Nc6 8. exd5 exd5 9. Nb3 Bb6 10. Re1+ Nge7 11. Be3 Bg4 12. h3 Be6 13. Nbd4 Nxd4 14. Nxd4 Ba5 15. Nxe6 fxe6 16. c3 Qd6 17. Qa4+ Nc6 18. b4 Bd8 19. Bc5 1/2-1/2